000 00460nmm a2200157Ia 4500
008 251105s9999||||xx |||||||||||||||||und||
041 _aspa
100 _aColinas, Antonio
245 0 _aUn año en el sur
264 _a[Madrid, España] :
_bUtopía Libros,
_c[Fecha de publicación no identificada]
300 _a0 páginas
490 _aNarrativa
650 _aSpanish narrative
856 _uhttps://public.digitaliapublishing.com/a/100631
942 _cCF
999 _c99988
_d99988